All Doja Cat Songs Over 1 Billion Streams - Statistics

General Stats
  • This quiz has been taken 23 times
  • The average score is 5 of 6
Answer Stats
Hint Song % Correct
2.14 (SZA) Kiss Me More
95%
1.29 Say So
95%
1.91 Woman
95%
1.38 Paint The Town Red
89%
1.32 Need to Know
74%
1.33 Streets
74%
No matching quizzes found
Score Distribution
Percent of People with Each Score
Percentile by Number Answered
Your Score History
You have not taken this quiz